Políticas violentas: una historia de la insurgencia, el terrorismo y la guerra de guerrillas desde la revolución americana hasta Iraq
Kaydedildi:
| Yazar: | |
|---|---|
| Materyal Türü: | Kitap |
| Dil: | İspanyolca |
| Baskı/Yayın Bilgisi: |
Barcelona
La Vanguardia
2008
|
| Edisyon: | 1a. ed |
| Seri Bilgileri: | Libros de Vanguardia
|
| Konular: | |
| Etiketler: |
Etiketle
Etiket eklenmemiş, İlk siz ekleyin!
|
MARC
| LEADER | 00000nam a2200000 a 4500 | ||
|---|---|---|---|
| 001 | UCG3967 | ||
| 003 | CL-VaPUC | ||
| 008 | 101004e20080500SP |||||||||||||||||spa|d | ||
| 020 | |a 9788496642553 | ||
| 082 | 0 | 4 | |a 303.625 |b POL |2 21 |
| 100 | 0 | |a Polk, William R |e author |9 553270 | |
| 245 | 1 | 0 | |a Políticas violentas: una historia de la insurgencia, el terrorismo y la guerra de guerrillas desde la revolución americana hasta Iraq |
| 250 | |a 1a. ed | ||
| 300 | |a 373 p | ||
| 942 | |c BK | ||
| 945 | |d 20101004 00:00:00 |a mfarfan | ||
| 260 | |a Barcelona |b La Vanguardia |c 2008 | ||
| 650 | 0 | |a Guerras |9 255273 | |
| 650 | 0 | |a Historia |9 255047 | |
| 650 | 0 | |a Terrorismo |9 255070 | |
| 651 | 0 | |a Oriente medio |9 357080 | |
| 583 | |a last modification |c 20101004 00:00:00 |k Rodrigo Vera | ||
| 490 | 0 | |a Libros de Vanguardia | |
| 999 | |c 342892 |d 342890 | ||
| 952 | |0 0 |1 0 |4 0 |6 303_625000000000000_POL_2008 |7 0 |8 A |9 439584 |a BIBHIS |b BIBHIS |d 2019-11-22 |i 4722493 |l 1 |o 303.625 POL 2008 |p 4722493 |r 2025-01-20 |s 2024-12-04 |w 2019-11-22 |y BK |k HIS | ||